000 00797nam a2200241 a 4500
001 000001663
005 20200929145643.0
008 820119s1979 ja af b 001 0 eng
020 _cY3500
040 _aDO-SdBNP
_cDLC
_dDLC
043 _aa-ja---
082 _a940.53144
_bW721j
100 1 _aWilliams, Justin.
_95411
245 1 0 _aJapans political revolution under MacArthur :
_ba participants account /
_cJustin Williams.
260 _a[Tokyo] :
_bUniversity of Tokyo Press,
_c1979.
300 _axiv, 305 p. ; :
_bil. ;
_c24 cm.
504 _aBibliografía: p. [293]-297.
500 _aIncluye índice.
651 4 _aJapón
_xPolítica Y Gobierno
_y1945-
_95412
651 4 _aJapón
_xHistoria
_yOCUPACIÓN ALIADA, 1945-1952.
_95413
910 _aCatalogación por copia / LC
049 _aBNGR
999 _c1546
_d1546